[Event "IECG RB.2002.0.00004"]
[Site "IECG email"]
[Date "2002.01.01"]
[Round "?"]
[White "Sturge, Kevin"]
[Black "Hort, Wolfgang"]
[Result "0-1"]
[WhiteElo "1138"]
[BlackElo "995"]
[PlyCount "58"]
[EventDate "2002.01.01"]
[EventType "tourn (corr)"]
[EventRounds "6"]
[SourceTitle "Corr 2008"]
[Source "ChessBase"]
[SourceDate "2008.06.24"]
[SourceVersion "1"]
[SourceVersionDate "2008.06.24"]
[SourceQuality "1"]

1. e4 c6 2. Nf3 d5 3. exd5 cxd5 4. d4 Nf6 5. Nc3 Nc6 6. Bb5 e6 7. 0-0 Bd6 8. Bg5 a6 9. Bxc6+ bxc6 10. Re1 Rb8 11. Rb1 h6 12. Bh4 Qc7 13. Bxf6 gxf6 14. g3 Be7 15. Qd3 c5 16. b3 h5 17. h4 Bb7 18. Ne2 e5 19. Nd2 cxd4 20. Rec1 Bb4 21. c3 dxc3 22. Nxc3 Qc5 23. Na4 Qb5 24. Nb2 Qxd3 25. Nxd3 Bxd2 26. Rc2 Ba5 27. Kf1 d4 28. Ke2 e4 29. Nc5 d3+ 0-1

[Event "IECC CL7-2001.28"]
[Site "IECC email"]
[Date "2001.11.28"]
[Round "?"]
[White "Kowalski, Boleslaw"]
[Black "Sturge, Kevin"]
[Result "1-0"]
[WhiteElo "1132"]
[BlackElo "1115"]
[PlyCount "35"]
[EventDate "2001.??.??"]
[EventType "tourn (corr)"]
[EventRounds "4"]
[SourceTitle "Corr 2008"]
[Source "ChessBase"]
[SourceDate "2008.06.24"]
[SourceVersion "1"]
[SourceVersionDate "2008.06.24"]
[SourceQuality "1"]

1. e4 e5 2. Nf3 Nc6 3. Bc4 Nf6 4. d3 Bc5 5. Nc3 h6 6. 0-0 Nd4 7. Nxe5 Qe7 8. Bxf7+ Kf8 9. Ng6+ Kxf7 10. Nxe7 Kxe7 11. e5 Ne8 12. Be3 d6 13. Nd5+ Ke6 14. Nf4+ Kxe5 15. Qh5+ Bf5 16. Bxd4+ Bxd4 17. Rae1+ Kxf4 18. g3# 1-0

[Event "IECC CL7-2001.28"]
[Site "IECC email"]
[Date "2001.11.28"]
[Round "?"]
[White "Spol, Chris"]
[Black "Sturge, Kevin"]
[Result "1-0"]
[WhiteElo "1039"]
[BlackElo "1086"]
[PlyCount "83"]
[EventDate "2001.??.??"]
[EventType "tourn (corr)"]
[EventRounds "4"]
[SourceTitle "Corr 2008"]
[Source "ChessBase"]
[SourceDate "2008.06.24"]
[SourceVersion "1"]
[SourceVersionDate "2008.06.24"]
[SourceQuality "1"]

1. e4 e5 2. Nf3 Nc6 3. Bb5 a6 4. Ba4 Nf6 5. Qe2 d6 6. c3 b5 7. Bb3 Bg4 8. 0-0 Be7 9. Rd1 0-0 10. d4 exd4 11. cxd4 Qc8 12. h3 Bh5 13. Nc3 b4 14. Nd5 Qd7 15. Ba4 Rfe8 16. Nxf6+ Bxf6 17. Qd3 Re7 18. d5 Ne5 19. Bxd7 Nxd3 20. Bc6 Bxb2 21. Bxb2 Nxb2 22. Bxa8 Nxd1 23. Rxd1 Rxe4 24. g4 Bg6 25. Nh4 Re2 26. Nxg6 hxg6 27. Ra1 g5 28. Bc6 Rd2 29. Kf1 g6 30. Ke1 Rd3 31. Rb1 a5 32. Rb3 Rxb3 33. axb3 Kg7 34. Ke2 Kf6 35. Ke3 Ke5 36. f3 f5 37. Bb7 a4 38. bxa4 b3 39. Kd3 fxg4 40. fxg4 Kf4 41. a5 Kg3 42. a6 1-0

[Event "IECC CL6-2001.12"]
[Site "IECC email"]
[Date "2001.03.30"]
[Round "?"]
[White "O'Brien, Kenneth"]
[Black "Sturge, Kevin"]
[Result "1-0"]
[WhiteElo "996"]
[BlackElo "1172"]
[PlyCount "61"]
[EventDate "2001.??.??"]
[EventType "tourn (corr)"]
[EventRounds "4"]
[SourceTitle "Corr 2008"]
[Source "ChessBase"]
[SourceDate "2008.06.24"]
[SourceVersion "1"]
[SourceVersionDate "2008.06.24"]
[SourceQuality "1"]

1. e4 e5 2. Nf3 Nc6 3. d4 Bd6 4. d5 Nb4 5. a3 Na6 6. Bxa6 bxa6 7. 0-0 Nf6 8. Nc3 Qe7 9. Bg5 h6 10. Bh4 Bc5 11. b4 Bb6 12. Ne2 d6 13. h3 g5 14. Bg3 Nxe4 15. Bh2 g4 16. hxg4 Bxg4 17. Nd2 Nc3 18. Qe1 Nxe2+ 19. Kh1 Nc3 20. f3 Bf5 21. Nc4 Bd4 22. Ne3 Bd7 23. Nd1 Nxd5 24. Qe4 Nb6 25. c3 f5 26. Qb7 Bb5 27. Re1 Qh4 28. Nb2 Bxc3 29. Reb1 Qf2 30. Bg1 Qh4+ 31. Bh2 1-0

[Event "IECC P email"]
[Site "IECC email"]
[Date "2001.02.15"]
[Round "?"]
[White "Sturge, Kevin"]
[Black "Ringel, George"]
[Result "0-1"]
[WhiteElo "1200"]
[BlackElo "1519"]
[PlyCount "53"]
[EventDate "2001.??.??"]
[EventType "tourn (corr)"]
[EventRounds "6"]
[SourceTitle "Corr 2008"]
[Source "ChessBase"]
[SourceDate "2008.06.24"]
[SourceVersion "1"]
[SourceVersionDate "2008.06.24"]
[SourceQuality "1"]

1. e4 c5 2. Nf3 Nc6 3. d4 cxd4 4. Nxd4 Nf6 5. Nc3 d6 6. Bg5 Qa5 7. Bc4 Bd7 8. 0-0 Nxd4 9. Qxd4 Qxg5 10. Nd5 Bh3 11. g3 Nxd5 12. Rfe1 Nb6 13. Bb3 Qf6 14. e5 Qf3 15. Qe4 Qxe4 16. Rxe4 dxe5 17. Rxe5 Bd7 18. Rd1 e6 19. Rd4 Be7 20. Ra5 0-0 21. c3 Rfd8 22. Bc2 e5 23. Re4 Bf6 24. h4 Bf5 25. Re2 Bxc2 26. Rxc2 Rd5 27. Rxd5 0-1

[Event "IECC CL7-2001.26"]
[Site "IECC email"]
[Date "2001.01.05"]
[Round "?"]
[White "Sturge, Kevin"]
[Black "Kowalski, Boleslaw"]
[Result "0-1"]
[WhiteElo "1100"]
[BlackElo "1159"]
[PlyCount "74"]
[EventDate "2001.??.??"]
[EventType "tourn (corr)"]
[EventRounds "4"]
[SourceTitle "Corr 2008"]
[Source "ChessBase"]
[SourceDate "2008.06.24"]
[SourceVersion "1"]
[SourceVersionDate "2008.06.24"]
[SourceQuality "1"]

1. e4 e5 2. Nf3 Nf6 3. Nxe5 Nxe4 4. Qe2 d5 5. d3 Qe7 6. Bf4 Nf6 7. d4 Qe6 8. Nc3 Bb4 9. Qb5+ Nc6 10. Be3 Qd6 11. Nxc6 bxc6 12. Qd3 Ne4 13. Bd2 Bf5 14. Nxe4 dxe4 15. Qe3 Bxd2+ 16. Qxd2 Rb8 17. c3 c5 18. Qg5 g6 19. Qd2 cxd4 20. cxd4 0-0 21. Bc4 Rfd8 22. Rd1 Bg4 23. Be2 Bxe2 24. Qxe2 Qb4+ 25. Qd2 Qxb2 26. Qxb2 Rxb2 27. 0-0 Rxa2 28. Rfe1 f5 29. g3 Rb2 30. Rc1 Rxd4 31. Rxc7 Rdd2 32. Rxa7 Rxf2 33. Rd1 Rg2+ 34. Kf1 Rbf2+ 35. Ke1 Re2+ 36. Kf1 Rd2 37. Rc1 Rdf2+ 0-1